[Event "Volodarskij Spring-A"]
[Site "Volodarskij"]
[Date "2007.07.05"]
[Round "12"]
[White "Klyashtorny, Vladislav"]
[Black "Korjakin, Boris"]
[Result "1-0"]
[WhiteElo "2364"]
[BlackElo "2274"]
[PlyCount "115"]
[EventDate "2007.06.27"]
[EventType "tourn"]
[EventRounds "15"]
[EventCountry "RUS"]
[EventCategory "3"]
[SourceTitle "CBM 119 Extra"]
[Source "ChessBase"]
[SourceDate "2007.09.04"]
[SourceVersion "1"]
[SourceVersionDate "2007.09.04"]
[SourceQuality "1"]

1. Nf3 c5 2. g3 g6 3. Bg2 Bg7 4. c4 Nc6 5. 0-0 Nf6 6. d4 cxd4 7. Nxd4 0-0 8. Nc3 d6 9. e3 Bd7 10. b3 Rc8 11. Bb2 Qa5 12. Nde2 a6 13. Nf4 b5 14. cxb5 axb5 15. a3 Bg4 16. Qd3 Ne5 17. Qxb5 Qxb5 18. Nxb5 Nf3+ 19. Bxf3 Bxf3 20. Rfc1 Rb8 21. a4 e5 22. Ng2 Ne4 23. b4 d5 24. Rc2 Rfc8 25. Rxc8+ Rxc8 26. Ne1 Be2 27. f3 Ng5 28. Nc3 Nxf3+ 29. Kf2 Nxe1 30. Kxe2 d4 31. Nd5 Rc2+ 32. Kxe1 Rxb2 33. a5 Rxh2 34. Ra4 Rh1+ 35. Ke2 Rh2+ 36. Kd3 dxe3 37. Kxe3 Bh6+ 38. Kd3 Rd2+ 39. Kc4 Bf8 40. Nf6+ Kg7 41. Ne8+ Kh6 42. a6 Rd8 43. Nf6 Bg7 44. Nd5 Kg5 45. a7 Rc8+ 46. Kb5 e4 47. a8Q Rxa8 48. Rxa8 Be5 49. Ra7 f5 50. Rxh7 Bxg3 51. Kc4 Kg4 52. Rg7 g5 53. Nf6+ Kf3 54. Rxg5 f4 55. Re5 e3 56. Kd3 Kg2 57. Nd5 Kf2 58. Nxe3 1-0

[Event "Volodarskij Spring-A"]
[Site "Volodarskij"]
[Date "2007.07.01"]
[Round "7"]
[White "Sviridonov, Sergei"]
[Black "Korjakin, Boris"]
[Result "1-0"]
[WhiteElo "2358"]
[BlackElo "2274"]
[PlyCount "63"]
[EventDate "2007.06.27"]
[EventType "tourn"]
[EventRounds "15"]
[EventCountry "RUS"]
[EventCategory "3"]
[SourceTitle "CBM 119 Extra"]
[Source "ChessBase"]
[SourceDate "2007.09.04"]
[SourceVersion "1"]
[SourceVersionDate "2007.09.04"]
[SourceQuality "1"]

1. e4 e5 2. Nf3 Nc6 3. Bb5 a6 4. Ba4 d6 5. 0-0 b5 6. Bb3 Na5 7. d4 Nxb3 8. axb3 f6 9. Be3 Bb7 10. d5 c5 11. c4 b4 12. Nbd2 Bc8 13. Nh4 Ne7 14. g3 g5 15. Ng2 Ng6 16. f4 Ra7 17. fxg5 fxg5 18. Qh5 Be7 19. Nf3 0-0 20. Nxg5 Bxg5 21. Bxg5 Qe8 22. Rxf8+ Qxf8 23. Bh6 Qe8 24. Nh4 a5 25. Rf1 Rf7 26. Nf5 Qd7 27. Qg5 Kh8 28. h4 Nf8 29. Rf3 a4 30. bxa4 Qxa4 31. Bg7+ Kg8 32. Nh6# 1-0